Statistics for SZA - Love Galore (ft. Travis Scott) (All Lyrics)

Click here to take the quiz!

General Stats

  • This quiz has been taken 116 times
  • The average score is 360 of 492

Answer Stats

Answer% Correct
n****s
100%
n****s,
100%
I
98%
Love,
98%
love,
98%
Love
98%
love
98%
a
97%
go
94%
gots
94%
Got
93%
got,
93%
got
93%
We
93%
we
93%
as
91%
me?
91%
me
91%
me,
91%
You
91%
you,
91%
you
91%
do
89%
Don't
87%
don't
87%
it,
87%
it
87%
need,
87%
the
87%
long
85%
Why
85%
why
85%
for
84%
to
84%
on
82%
with
82%
with,
82%
personal,
80%
personal
80%
take
80%
these
79%
when
79%
bother
78%
fun
77%
skrrt
77%
skrrt-
77%
skrrt-skrrt
77%
be
76%
know
76%
Know
76%
like
76%
said
76%
thing
76%
I'm
75%
want,
74%
want
74%
Mo
72%
Call
71%
Personally,
71%
than
71%
things
71%
after
70%
give
69%
Give
69%
in
69%
"La
68%
more
68%
whatever
68%
actin'
67%
baby,
67%
baby
67%
better,
67%
better?
67%
better
67%
no
67%
that
67%
woman?
67%
called
66%
cry
66%
dust
66%
hour
66%
it's
66%
my
66%
Promise
66%
up
66%
was
66%
won't
66%
down
64%
down,
64%
lookin'
64%
or
64%
paper
64%
surprised
64%
another
63%
Last
63%
milk
63%
towel,
63%
were
63%
your
63%
get
62%
time
62%
two,
62%
hit
61%
matter
61%
spilled
61%
wherever
61%
checked,
60%
forward
60%
number,
60%
off
60%
over
60%
Let
59%
let
59%
one
59%
problem,
59%
well
59%
never
57%
took
57%
about
56%
bitches,
56%
fling
56%
gave
56%
left
56%
summer
56%
weekends
56%
wasn't
55%
All
54%
all
54%
did
54%
Done
54%
now,
53%
now.
53%
now
53%
farewell,
51%
regret
51%
should
51%
Should
51%
crew
49%
fetish
48%
have
48%
cum
47%
side
47%
side,
47%
split
47%
mess,
46%
at
45%
city
45%
City,
45%
night,
45%
can't
41%
however
41%
inside
41%
say
41%
Valium
41%
and
40%
wreck,
40%
plant
39%
'round
39%
So
39%
come
38%
seed
38%
fire"
37%
fire,
37%
Flame
37%
ladies,
37%
high,
36%
by
34%
keep
34%
make
34%
dirt
32%
only
32%
Only
32%
Dig
31%
feel,
31%
feel
31%
put
31%
few
30%
Ass
29%
came
29%
dated
29%
real,
29%
catch
28%
that's
28%
titties,
28%
Tryna
26%
keepin'
25%
beside
24%
could
24%
lovin'
24%
'cause
23%
from
23%
P.O.V.
23%
promised
23%
searchin'
22%
makin'
21%
right
21%
rep
20%
rep,
20%
stuck
18%
droppin'
15%
licky
14%

Score Distribution

Percentile by Number Answered

Percent of People with Each Score

Your Score History

You have not taken this quiz